000 00789nam a2200241 a 4500
001 000023938
005 20200930022602.0
008 110117s2004 xxua r 000 0 spa d
020 _a1929280289
040 _aDO-SdBNP
_bspa
_cBNPHU
082 _axxxxxx
_bO59w
100 1 _aŌoka, Shōhei
_949244
245 1 2 _aA wife in musashino /
_cŌoka Shōhei ; traducción Dennis Washburn.
260 _aEstados Unidos :
_bcenter for Japanese Studies,
_c2004.
300 _a161 p. :
_bil. ;
_c23.5 cm.
490 1 _aMichigan Monograph
490 1 _aIn Japanese estudies
_v51
500 _aIncluye notas al pie de las páginas.
590 _aInventariado, 2019/BT
700 1 _aWashburn, Dennis,
_etr.
_949245
830 0 _aMichigan Monograph
_949246
830 0 _aIn Japanese studies
_n51
_949247
999 _c23434
_d23434